000 01723nam a2200325 a 4500
001 17662696
008 170526s2014 ||||||||||||||||| || u
010 _a2013935446
020 _a9781446253359
020 _a1446253368 (pbk.)
020 _a9781446253366 (pbk.)
020 _a144625335X
050 _aBF 636.67 Dan
100 _aRoss, Alistair
245 1 0 _aResearch Ethics for Counsellors, Nurses and Social Workers
_cDee Danchev & Alistair Ross
_h[unmediated]
260 _aLos Angeles
_bSAGE Publications
_c2014
300 _ax, 142 pages : illustrations
350 _a44.00
500 _aIncludes bibliographical references and index. Text in English
505 _aThe researcher : researching and developing ourselves -- The participant : responsibility, care and consideration -- Relational ethics : the relationship between the researcher and the participant -- Establishing trust : the fundamental ingredients -- Research dilemmas, decisions and details -- Research ethics committees : structures and procedures -- The social and political contexts of research and the ethics of dissemination.
650 0 _aNURSING ETHICS -STUDY AND TEACHING
650 0 _aSOCIAL WORKERS -PROFESSIONAL ETHICS - STUDY AND TEACHING
650 0 _aCOUNSELORS - PROFESSIONAL ETHICS -STUDY AND TEACHING
650 7 _aCOUNSELORS - PROFESSIONAL ETHICS
_2fast
650 0 _aRESEARCH -MORAL AND ETHICAL ASPECTS - STUDY AND TEACHING
650 7 _aNURSING ETHICS
_2fast
650 3 _aETHICS - RESEARCH
700 _aDanchev, Dee
995 _aMEDICAL LIBRARY OPEN ACCESS
_e904039
_FCBU-SCHOOL OF MEDICINE LIBRARY (Ndola)
_I44.00
_jBF 636.67 Dan
_M1
_UAVAILABLE
_WMay 26, 2017
_y904039
_ZMedical Library Open Access Collection
999 _c32604
_d32604